| 000 | 01257nam0a22002771 4500 | ||
|---|---|---|---|
| 001 | rc\1154170 | ||
| 005 | 20260407081004.0 | ||
| 035 | _a(NLR Aleph) 006399304 | ||
| 090 |
_a5228858 _c5228858 |
||
| 100 | _a20041129d1980 |||y0rusy50 ca | ||
| 101 | 0 | _arus | |
| 102 | _aRU | ||
| 105 | _aa ||||||||| | ||
| 200 | 1 |
_aОхрана редких растений и фитоценозов _dConservation of rare plants and phytocoenoses _eСб. науч. тр. _fВНИИ охраны природы и заповед. дела _g[Отв. ред. Л.В. Денисова] |
|
| 210 |
_aМ. _cВНИИ охраны природы и заповед. дела _d1980 (вып. дан. 1981) |
||
| 215 |
_a93 с. _cил. _d20 |
||
| 300 | _aРез. работ англ. | ||
| 320 | _aБиблиогр. в конце работ | ||
| 510 | 0 | _aConservation of rare plants and phytocoenoses | |
| 702 | 1 |
_4340 _7ca _8rus _aДенисова _bЛ. В. _cканд. биол. наук _gЛариса Васильевна _9237468 _3RU\NLR\AUTH\770237524 |
|
| 712 | 0 | 2 |
_aВНИИ охраны природы и заповедного дела _3RU\NLR\AUTH\886583 _9285045 |
| 801 | 0 |
_aRU _bNLR _gpsbo |
|
| 801 | 1 |
_aRU _bELAR _2rusmarc |
|
| 852 |
_aNLR _j81-4/25417 |
||
| 942 | _cBOOK | ||
| 980 | _aNB | ||